00440nam a2200169Ia 4500008004100000020001800041050001400059100002100073245003100094245005800125260001500183260001600198260000900214300001500223300002200238300001000260180207s9999 xx 000 0 und d a9780545479813 bG798 2014 aGreenberg, David aSuper silly school poems / cpoems by David Greenberg ; pictures by Liza Woodruff. aNew York : bScholastic, c2014 a32 pages : bchiefly colored ; c25cm.